| 000 | 00994nam a22002890a 4500 | ||
|---|---|---|---|
| 001 | PT2962 | ||
| 003 | AR-LpoUNG | ||
| 005 | 20210131230931.0 | ||
| 008 | 191001s1997||||ag |||||||||||||||||spa d | ||
| 020 |
_a9505572220 _c$14 |
||
| 040 |
_aAR-LpoUNG _bspa _cAR-LpoUNG _eaacr |
||
| 041 | _aspa | ||
| 044 | _aag | ||
| 082 | 0 | _a982.092 748do | |
| 100 | 1 | _aBotana, Natalio R. | |
| 245 | 1 | 0 |
_aDomingo Faustino Sarmiento : _buna aventura republicana |
| 250 | _a2da. reimpr. | ||
| 260 |
_aBuenos Aires : _bFondo de Cultura Económica, _c1997. |
||
| 300 |
_a111 p. : _bfot. |
||
| 520 | _a<p>El autor traza en este ensayo los razgos principales de la vida, la obra y el pensamient de Domingo Faustino Sarmiento. Surge así la imágen de un Sarmiento alejado de la tradicional concepción historiográfica liberal, mas humano y menos escolarizado.</p> | ||
| 650 | 4 | _aANALISIS HISTORICO | |
| 650 | 4 | _aARGENTINA | |
| 650 | 4 | _aHISTORIA | |
| 651 | 4 | _aArgentina | |
| 905 | _a2962 | ||
| 942 | _cLIB | ||
| 999 |
_c6996 _d6996 |
||